| 000 | 00443ntaaa2200169 4500 | ||
|---|---|---|---|
| 003 | 01 | ||
| 005 | 20251027201248.0 | ||
| 008 | 0714s1973 ag 01 | ||
| 040 |
_aAR-BaBN _bspa _cAR-BaBN _eaacr _dRIC |
||
| 082 | _a220.93 K42 | ||
| 100 |
_aKenyon, Kathleen M. _91444 |
||
| 245 |
_aArchaeology in the Holy Land / _cKathleen M. Kenyon |
||
| 250 |
_a1 ed. : _bF.A. Praeger, _cc/960 |
||
| 300 | _a326 p. | ||
| 650 |
_aArqueologÃa _95159 |
||
| 942 | _cBK | ||
| 999 |
_c6988 _d6988 |
||